Missing Word: Two-Word TV Shows Quiz Stats

Quiz Updated Jun 2, 2016

Challenge
Share
Tweet
Embed
Score 0/24 Timer 05:00
5 Plays Today
Phrase TV Show % Correct
The _____ HatterMad Men
95%
_____ Metal JacketFull House
91.3%
Saving _____ RyanPrivate Practice
89%
Just what the _____ orderedDoctor Who
87.5%
The _____ DucklingUgly Betty
84.2%
The _____ Case of Benjamin ButtonCurious George
81.9%
Give the _____ shoulder toCold Case
80%
Don't Worry Be _____Happy Days
74.9%
M. _____ ShyamalanNight Court
73.4%
_____ of SolaceQuantum Leap
71.1%
Mix and _____Match Game
69.6%
Don't Stop 'til You _____ EnoughGet Smart
67.1%
Phrase TV Show % Correct
New _____ WalesSouth Park
65.9%
Joseph and the _____ Technicolor DreamcoatAmazing Race
65.4%
'They're the modern stone-age _____'Family Ties
62.2%
_____ pieces of silver30 Rock
59.1%
Wait a minute, _____ PostmanMister Ed
53%
Hanging Gardens of _____Babylon 5
52.6%
_____ RubbleBarney Miller
52.2%
_____ the BottleSpin City
51.6%
____ Madrid Club de FĂștbolReal World
49%
_____ Day SunshineGood Times
47.3%
_____ I SeeSuddenly Susan
46.5%
The _____ Manual of StyleChicago Hope
24.1%

Today's Daily Dose

Missing Word
NPR Programs

Quick Pick
1991 Events

On This Day
June 18th II

You're not logged in!

Compare scores with friends on all Sporcle quizzes.
Join for Free
OR
Log In

You Might Also Like...

Show Comments

Extras

Top Quizzes Today


Score Distribution

Your Account Isn't Verified!

In order to create a playlist on Sporcle, you need to verify the email address you used during registration. Go to your Sporcle Settings to finish the process.

Report this User

Report this user for behavior that violates our Community Guidelines.

Details: